000 00566nam a2200193Ia 4500
001 64578
008 210407n ii |||gr||||Z||||||465
020 _a81-207-1008-8
082 _a020
100 _aKawatra.
245 0 _aFundamental Of Documentation : With Special reference to India
_cBy P S Kawatra
_hTextual Documents
250 _a3rd Rev Enlarged edn.
260 _aNew Delhi
_bSterling publishers
_c1989.
300 _a250pg:
_c23cm.
653 _aLibrary Science
653 _aDocumentation------India
653 _aG-Library Science
942 _2ddc
_cBK
999 _c65678
_d65678